Twentieth century interpretations of King Lear : (Record no. 16454)
[ view plain ]
| 000 -LEADER | |
|---|---|
| fixed length control field | 01037cam a2200277 i 4500 |
| 001 - CONTROL NUMBER | |
| control field | 4138970 |
| 005 - DATE AND TIME OF LATEST TRANSACTION | |
| control field | 20161110123221.0 |
| 008 - FIXED-LENGTH DATA ELEMENTS--GENERAL INFORMATION | |
| fixed length control field | 770824s1978 nju b 000 0 eng |
| 010 ## - LIBRARY OF CONGRESS CONTROL NUMBER | |
| LC control number | 77014483 |
| 020 ## - INTERNATIONAL STANDARD BOOK NUMBER | |
| International Standard Book Number | 0135161959 : |
| Terms of availability | $7.95. |
| International Standard Book Number | 0135161878 |
| Terms of availability | $2.95 |
| 040 ## - CATALOGING SOURCE | |
| Original cataloging agency | DLC |
| Transcribing agency | DLC |
| Modifying agency | DLC |
| 050 00 - LIBRARY OF CONGRESS CALL NUMBER | |
| Classification number | PR2819 |
| Item number | .T9 1978 |
| 245 00 - TITLE STATEMENT | |
| Title | Twentieth century interpretations of King Lear : |
| Remainder of title | a collection of critical essays / |
| Statement of responsibility, etc. | edited by Janet Adelman. |
| 260 ## - PUBLICATION, DISTRIBUTION, ETC. (IMPRINT) | |
| Place of publication, distribution, etc. | Englewood Cliffs, N.J. : |
| Name of publisher, distributor, etc. | Prentice-Hall, |
| Date of publication, distribution, etc. | c1978. |
| 300 ## - PHYSICAL DESCRIPTION | |
| Extent | viii, 134 p. ; |
| Dimensions | 20 cm. |
| 490 0# - SERIES STATEMENT | |
| Series statement | Twentieth century interpretations |
| 490 0# - SERIES STATEMENT | |
| Series statement | A Spectrum book |
| 504 ## - BIBLIOGRAPHY, ETC. NOTE | |
| Bibliography, etc | Bibliography: p. 132-134. |
| 600 10 - SUBJECT ADDED ENTRY--PERSONAL NAME | |
| Personal name | Shakespeare, William, |
| Dates associated with a name | 1564-1616. |
| Title of a work | King Lear. |
| 600 00 - SUBJECT ADDED ENTRY--PERSONAL NAME | |
| Personal name | Lear, |
| Titles and other words associated with a name | King of England (Legendary character) |
| General subdivision | In literature. |
| 700 1# - ADDED ENTRY--PERSONAL NAME | |
| Personal name | Adelman, Janet. |
| 942 ## - ADDED ENTRY ELEMENTS (KOHA) | |
| Source of classification or shelving scheme | |
| Koha item type | Hard Covered Materials |
| Classification part | PR2819 .T9 1978 |
| Withdrawn status | Lost status | Source of classification or shelving scheme | Damaged status | Not for loan | Home library | Current library | Shelving location | Date acquired | Source of acquisition | Total Checkouts | Full call number | Barcode | Date last seen | Price effective from | Koha item type |
|---|---|---|---|---|---|---|---|---|---|---|---|---|---|---|---|
| MACHAKOS UNIVERSITY LIBRARY | MACHAKOS UNIVERSITY LIBRARY | Technical section | 10/11/2016 | Donation(BFA) | PR2819 .T9 1978 | 27885 | 11/07/2018 | 10/11/2016 | Hard Covered Materials |